000 00783nam a2200253 a 4500
008
020 _a0873891376 (cased)
049 _aMAIN
090 _aHD62.15
_bEDO
100 1 _aEdosomwan, Johnson Aimie.
245 1 0 _aCustomer and market-driven quality management /
_cJohnson A. Edosomwan.
260 _aMilwaukee :
_bASQC Quality Press,
_cc1993.
300 _axviii, 250 p. :
_bill. ;
_c23 cm.
504 _aIncludes bibliographical references.
500 _aIncludes index.
650 0 _aTotal quality management.
650 0 _aIndustrial management.
650 0 _aConsumer satisfaction.
907 _a.b10073292
_b07-05-12
_c17-04-03
003
005 20230123133248.0
040 _cNUST
942 _cBOOKS
_kHD62.15
_mEDO
999 _c145536
_d145536